000
00301nam a2200121Ia 4500
008
190216s9999||||xx |||||||||||||| ||und||
100
_a
Vasanth Desai
245
0
_a
Indian Banking Nature And Problems
260
_b
Himalaya Publishing House
_c
1987
300
_a
688p
650
_a
Economics
942
_c
BK
999
_c
9795
_d
9795